000 00618nam a2200193 i 4500
001 29719
003 ES-MaACL
005 20250920063032.0
007 t|
008 030122s1919 fr ||||1| fre d
100 1 _aBarrès, Maurice,
_d1862-1923
_925947
245 1 2 _aL'Ame française et la guerre.
_nVIII,
_pLe Suffrage des morts /
_cMaurice Barrès.
260 _aParis :
_bE. Paul,
_c1919 (
_fChaix et Cie)
300 _aXI, 315 p. ;
_c18 cm.
500 _aArticles parus dans 'L'Echo de Paris'.
650 0 4 _aGuerra mundial, 1914-1918.
_913212
852 _aES-MaACL
_jF-10601
999 _c29719
_d29719